| 000 | 01007cab a2200193 4500 | ||
|---|---|---|---|
| 001 | ##L134323 | ||
| 008 | 060726n2006 000 0 eng u | ||
| 035 | _a(Sirsi) u134323 | ||
| 041 | 0 | _aeng | |
| 100 | 1 | _aEade, Christine | |
| 245 | 0 | 0 |
_aProperty Week supplement _bout-of-town retail |
| 260 | _c2006 | ||
| 490 | 0 |
_aProperty Week _v71(29) 21 July 2006, (16) (LOAN) |
|
| 520 | _aReports on the trend of out-of-town retail parks morphing with in-town shopping centres; local authority crackdowns on planning consent violations by retail warehouse tenants; the latest information from Trevor Wood Associates and Savills on where the retail park development pipeline is headed; research from Verdict that suggests supermarkets will drive recovery in the out-of-town retail sector; and a survey to understand the behaviour of out-of-town shoppers. | ||
| 590 | _aIKA010806 | ||
| 651 | 4 |
_aUnited Kingdom _y |
|
| 690 | _aPROPERTY-COMMERCIAL PROPERTY-RETAIL PROPERTY-OUT OF TOWN RETAIL PROPERTY | ||
| 942 | _n0 | ||
| 999 |
_c77456 _d77456 |
||